000
00334cpm a2200121 4500
008
081031n eng u
035
_a
(Sirsi) a162358
050
_a
HX 56
245
_a
What is communism?/
_c
edited by Richard M. Ketchum.
260
_a
New York:
_b
E. P. Dutton,
_c
1955.
300
_a
191p. :
_b
ill
650
_a
Communism
999
_c
110952
_d
110952